| 000 | 00573nam a2200193Ia 4500 | ||
|---|---|---|---|
| 003 | GCL | ||
| 008 | 140319s9999 xx 000 0 eng d | ||
| 040 |
_aGCL / _cGCL |
||
| 082 | 0 | 4 |
_a741.60688 _bC O |
| 100 | 1 | _aCOX, MARY | |
| 245 | 1 | 0 |
_a1997 ARTIST'S & GRAPHIC DESIGNER'S MARKET: WHERE & HOW TO SELL YOUR ILLUSTRATION, FINE ART, GRAPHIC DESIGN AND CARTOONS / _cCOX, MARY |
| 260 |
_a[S.N] : _bWRITER'S DIGEST BOOKS ، _c1996 |
||
| 300 | _a712 P | ||
| 650 | 0 | 4 | _aARTS |
| 650 | 0 | 4 | _aMARKETING |
| 650 | 0 | 4 | _aILLUSTRATIONS |
| 650 | 0 | 4 | _aGRAPHIC - DESIGN |
| 942 |
_2ddc _cBK |
||
| 999 |
_c15707 _d15707 |
||